|
|
|
|
| LEADER |
00000nam0a2200000 4500 |
| 001 |
372183 |
| 005 |
20231101050045.0 |
| 035 |
|
|
|a (RuTPU)RU\TPU\retro\29604
|
| 035 |
|
|
|a RU\TPU\book\269071
|
| 090 |
|
|
|a 372183
|
| 100 |
|
|
|a 20221214d1965 km y0rusy50 ca
|
| 101 |
0 |
|
|a rus
|
| 102 |
|
|
|a RU
|
| 105 |
|
|
|a y z 001zy
|
| 200 |
1 |
|
|a Устойчивость движения
|f Н. Г. Четаев
|
| 205 |
|
|
|a 3-е изд.
|
| 210 |
|
|
|a Москва
|c Наука
|d 1965
|
| 215 |
|
|
|a 207 с.
|
| 320 |
|
|
|a Именной и предметный указатель: 205-207.
|
| 610 |
1 |
|
|a физика
|
| 610 |
1 |
|
|a механика
|
| 610 |
1 |
|
|a движение
|
| 610 |
1 |
|
|a устойчивость
|
| 610 |
1 |
|
|a теоремы Ляпунова
|
| 610 |
1 |
|
|a равновесие
|
| 675 |
|
|
|a 531.391.5
|v 3
|
| 700 |
|
1 |
|a Четаев
|b Н. Г.
|g Николай Гурьевич
|
| 801 |
|
1 |
|a RU
|b 63413507
|c 20070228
|g PSBO
|
| 801 |
|
2 |
|a RU
|b 63413507
|c 20221214
|g PSBO
|
| 942 |
|
|
|c BK
|